Statistiques concernant Prénom garçon 2007

Cliquez ici pour prendre le quiz!

Statistiques générales

  • Ce quiz a été pris 165 fois
    (98 depuis la dernière actualisation)
  • Le résultat moyen est 48 sur 100

Statistiques - réponses

HintLettrePrénoms% Correct
11LLéo
90%
12LLouis
88%
6TThéo
88%
86LLuca
86%
43QQuentin
82%
14TThomas
79%
10JJules
78%
37JJulien
78%
22AArthur
76%
24PPaul
76%
32AAntoine
72%
1LLucas
72%
2MMathis
72%
9NNathan
72%
77PPierre
72%
17GGabriel
71%
23MMaxime
71%
3EEnzo
69%
53RRomain
68%
25TTom
68%
4RRaphaël
67%
5MMathéo
65%
13AAlexis
64%
57MMathieu
64%
42NNicolas
64%
41BBaptiste
63%
16HHugo
63%
50NNoa
63%
8AAlexandre
61%
71JJean
61%
30VValentin
60%
72DDavid
57%
52KKevin
57%
39VVictor
57%
18EEthan
56%
21MMattéo
56%
20NNoah
56%
44CCharles
53%
7CClément
53%
36KKylian
53%
45MMartin
53%
84WWilliam
53%
81MMohamed
51%
28YYanis
50%
38SSamuel
49%
46SSimon
49%
48AAdrien
47%
75BBastien
47%
40MMathias
47%
33AAdam
46%
78TThibault
46%
35AAxel
44%
51BBenjamin
44%
47NNolan
44%
59CCorentin
43%
65JJeremy
43%
15MMaël
43%
68FFlorian
42%
31NNoé
42%
27SSacha
42%
100GGuillaume
40%
83MMatéo
40%
98MMatthieu
40%
54TTiméo
40%
29DDylan
39%
63EEliott
39%
60GGabin
39%
34MMaxence
39%
26EEvan
38%
85KKilian
38%
55AAnthony
36%
73DDorian
35%
19EEsteban
35%
89RRémi
35%
82TTitouan
35%
66TTristan
35%
76MMarius
33%
49MMathys
33%
58RRobin
33%
90 | 95GGaspard
32%
79NNoâm
32%
87OOscar
32%
69RRayan
31%
56EErwan
29%
93BBenoît
28%
80LLilian
28%
61RRyan
26%
74AAaron
22%
70AAntonin
22%
96RRafaël
22%
88NNathanaël
21%
67DDiego
19%
99IIsmaël
18%
94LLoïc
18%
91IIlan
17%
92EElias
15%
62LLorenzo
15%
97TTony
13%
64LLenny
8%

Distribution des résultats

Percentile par nombre de réponses

% des personnes avec chaque résultat

Votre développement - résultats

Vous n’avez pas pris ce quiz depuis la dernière actualisation